00758nam a22002057a 450000500170000001000150001702000270003203500140005903700130007308200150008610000170010124501000011825000120021826000310023027000800026130000350034150001220037650000300049870000240052820181115111451.0 aENG-124517 c2995.00a9788131253892 aEN-108049 bDBAD/PUB a343.540929 aBadri Vishal aNaushir Bharucha guide to the electricity laws/bby Badri Vishal; foreword by Shivaraj V. Patil a5th ed. aGurgaonbLexis Nexisc2018 a14th floor,Building No-10, Tower-B,DLF Cyber City Phase-11bGurgaone122002 aciv, 1688p.(1-52p.)c25cm.(Hb) aAn exhaustive commentary on the Electricity Act, 2003, and the Electricity Rules, 2005 with CERC Rules and Regulaions aIt includes subject index a Patil, Shivaraj V.